| 000 | 00527nam a2200145 a 4500 | ||
|---|---|---|---|
| 001 | 000034163 | ||
| 005 | 20200930070828.0 | ||
| 008 | 110926s1997 dr 000 0 spa d | ||
| 040 |
_aDO-SdBNP _bspa _cBNPHU |
||
| 245 | 0 | 0 |
_aDesastres de la guerra Goya : _b!Qué valor! / _ccoordinador Guillermo Fatás Cabeza. |
| 260 |
_aSanto Domingo : _bCentro Cultural Español de Santo Domingo, _c1997. _fImprenta provicional |
||
| 300 |
_a101 p. : _bil. ; _c28 cm. |
||
| 504 | _aBibliografía : p. 99 | ||
| 700 | 1 | 2 |
_aFatás Cabeza, Guillermo _959577 |
| 999 |
_c33654 _d33654 |
||